| 000 | 00716nam a2200217Ii 4500 | ||
|---|---|---|---|
| 003 | JO-AjNU | ||
| 008 | 230605s9999||||xx |||||||||||||| ||und|| | ||
| 040 |
_aJO-AjNU _bara _erda _cJO-AjNU |
||
| 041 | _aara | ||
| 050 | 1 | 4 | _aBP175.N32 1988 |
| 100 | 3 |
_aالنورسي، سعيد ؛ ترجمة، احسان قاسم الصالحي, _eauthor _915004 |
|
| 245 | 0 | 0 | _aمرشد الشباب للنجاة في يوم الحساب |
| 250 | _aط1 | ||
| 264 | 3 | 1 | _aبغداد: المؤلف، 1988 |
| 300 | _a144ص | ||
| 336 |
_atext _btxt _2rdacontent |
||
| 337 |
_aunmediated _bn _2rdamedia |
||
| 338 |
_avolume _bnc _2rdacarrier |
||
| 490 | 0 | _aمن كليات رسائل النور | |
| 650 | 4 |
_aاصول الدين _915005 |
|
| 999 |
_aA4136 _c7704 _d7704 |
||